000 00642nam a2200229Ia 4500
003 OSt
005 20251118124530.0
008 210210b2009 xxu||||| |||| 00| 0 eng d
020 _a8172865880
040 _cAL
041 _aKannada
082 _aK894.301 NARM
100 _aNARAYAN (R K)
_dನಾರಾಯಣ್ (ಅರ್ ಕೆ)
_9246153
245 _aMalgudi dinagalu
_bಮಾಲ್ಗುಡಿ ದಿನಗಳು
260 _aBengaluru
_bPrisam Buks Pri. Li.
_c2009
300 _ax,304
650 _aMalgudi
_9246154
650 _adinagalu
_9246155
690 _aKannada Fiction
_9246156
906 _a064195
942 _2ddc
_cBK
999 _c140427
_d140427